[Event "9th Prague Festival Open A"]
[Site "Prague CZE"]
[Date "2013.06.26"]
[Round "5.4"]
[White "Postupa,P2"]
[Black "Juptner,J"]
[Result "1/2-1/2"]
[WhiteElo "2229"]
[BlackElo "2328"]

1.e4 c5 2.Nf3 d6 3.d4 cxd4 4.Nxd4 Nf6 5.Nc3 a6 6.Be3 e6 7.g4 h6 8.h3 b5 9.Bg2 b4
10.Nce2 Bb7 11.Ng3 Nbd7 12.Nb3 Ne5 13.O-O Qc7 14.Nd2 Be7 15.f4 Nc4 16.Nxc4 Qxc4
17.b3 Qc7 18.Qd2 d5 19.e5 Ne4 20.Nxe4 dxe4 21.Rac1 Rc8 22.Rfd1 O-O 23.Qe2 Bd5
24.Bd4 Qb7 25.c4 bxc3 26.Bxc3 Ba3 27.Bb2 Bxb2 28.Qxb2 Qb6+ 29.Kh1 Qe3 30.Rxc8 Rxc8
31.Qd2 Qg3 32.Rc1 Rxc1+ 33.Qxc1 Qf2 34.Qf1 Qd2 35.f5 e3 36.fxe6 fxe6 37.Bxd5 Qxd5+
38.Kg1 Qxe5 39.Qe1 e2 40.Kg2 Qe3 41.b4 e5 42.a4 e4 43.b5 axb5 44.axb5 Qd3
45.Kf2 Qf3+ 46.Kg1 e3 47.b6 Kf7 48.b7 Qxb7 49.Qxe2 Qe4 50.Kh2 Qf4+ 51.Kg2 g6
52.Qf3 g5 53.Qb7+ Ke6 54.Qc6+ Qd6 55.Qe8+  1/2-1/2

[Event "3rd Big Slick GM"]
[Site "Purley ENG"]
[Date "2013.06.27"]
[Round "6"]
[White "Zhou,Y"]
[Black "Gormally,D"]
[Result "1-0"]
[WhiteElo "2469"]
[BlackElo "2496"]

1.e4 c5 2.Nf3 d6 3.d4 cxd4 4.Nxd4 Nf6 5.Nc3 a6 6.Be3 e6 7.Qd2 b5 8.f3 b4
9.Na4 Nbd7 10.g4 h6 11.O-O-O Qc7 12.h4 d5 13.Bh3 e5 14.g5 Nh5 15.exd5 exd4
16.Bxd4 Bd6 17.Bg4 Ng3 18.Rhe1+ Kf8 19.Kb1 h5 20.Bh3 Ne5 21.Bxe5 Bxh3 22.Qxb4 Bxb4
23.Bxc7 Bxe1 24.Rxe1 Nf1 25.Kc1 Kg8 26.Nb6 Ra7 27.d6 Kh7 28.Nd5 Ng3 29.Nf4 Bc8
30.c4 Nf5 31.c5 Bd7 32.Nxh5 Raa8 33.Nf4 Rae8 34.Rd1 Kg8 35.h5 Ng3 36.Nd5 Re5
37.c6 Ne2+ 38.Kb1 Bf5+ 39.Ka1 Nd4 40.Ne7+ Kh7 41.Nxf5 Nxc6 42.Ng3 Rxg5 43.d7 Nd8
44.b4 Ne6 45.Ne4 Rxh5 46.d8=Q Nxd8 47.Bxd8 Re8 48.Rd2 f5 49.Nc5 g5 50.Nxa6 g4
51.fxg4 fxg4 52.Bc7 Re3 53.Rg2 Rd5  1-0

[Event "III Marcel Duchamp Boca Jun Op"]
[Site "Buenos Aires ARG"]
[Date "2013.06.28"]
[Round "8.8"]
[White "Pichot,A"]
[Black "Madina Yadarola,M1"]
[Result "1/2-1/2"]
[WhiteElo "2400"]
[BlackElo "2256"]

1.e4 c5 2.Nf3 d6 3.d4 cxd4 4.Nxd4 Nf6 5.Nc3 a6 6.Be3 e5 7.Nb3 Be6 8.h3 h5
9.f4 exf4 10.Bxf4 Nc6 11.Nd4 Qb6 12.Nxe6 fxe6 13.Qd2 Ne5 14.O-O-O Nfd7 15.Be2 Be7
16.g4 hxg4 17.hxg4 O-O-O 18.g5 Kb8 19.Be3 Qa5 20.Qd4 Qc5 21.Qxc5 Nxc5 22.b4 Ncd7
23.Kb2 Rc8 24.Kb3 Rcf8 25.a4 Kc7 26.a5 Ra8 27.Na4 Raf8 28.Nb6 Nxb6 29.axb6+ Kb8
30.c4 Kc8 31.c5 dxc5 32.bxc5 Rd8 33.Rxd8+ Rxd8 34.Rh7 Bf8 35.Kc3 Nc6 36.Bg4 Kd7
37.Rh1 Ke7 38.Bh5 g6 39.Bxg6 Bg7+ 40.Kc2 Ne5 41.Rh7 Kf8 42.Bh5 Kg8 43.g6 Nc4
44.Bf4 Rf8 45.Bg3 Rd8 46.Bf4 Rf8 47.Bg4 Rxf4 48.Bxe6+ Kf8 49.Bxc4 Rxe4 50.Bxa6 Re5
51.Bxb7 Rxc5+ 52.Kd3 Rb5 53.Rh4 Rxb6 54.Rf4+ Rf6 55.Rg4 Bh6 56.Bd5 Kg7 57.Bc4 Rd6+
58.Kc3  1/2-1/2

[Event "HSC/De Legibus Open 2013"]
[Site "Helmond NED"]
[Date "2013.06.29"]
[Round "1.4"]
[White "Gouma,R"]
[Black "Vishnu,P"]
[Result "0-1"]
[WhiteElo "1904"]
[BlackElo "2494"]

1.e4 c5 2.Nf3 d6 3.d4 cxd4 4.Nxd4 Nf6 5.Nc3 a6 6.Be3 Ng4 7.Bg5 h6 8.Bh4 g5
9.Bg3 Bg7 10.h3 Nf6 11.f3 Nc6 12.Bf2 Be6 13.Nxe6 fxe6 14.Bc4 Kf7 15.a4 Rc8
16.Bb3 Na5 17.Ba2 Nc4 18.Rb1 Nh5 19.Bd4 Qa5 20.b4 Qc7 21.f4 Nxf4 22.O-O Bxd4+
23.Qxd4 e5 24.Qd1 Kg7 25.Nd5 Qd8 26.Nxf4 exf4 27.Qd4+ Ne5 28.g3 Rf8 29.Be6 Rxc2
30.Bf5 f3 31.h4 gxh4 32.gxh4 e6 33.Bxe6 Qxh4  0-1

[Event "22nd Anderssen Mem Eliminacje"]
[Site "Wroclaw POL"]
[Date "2013.06.29"]
[Round "3"]
[White "Iwanow,A"]
[Black "Szmacinski,Slawomir"]
[Result "0-1"]
[WhiteElo "2227"]
[BlackElo "1871"]

1.e4 c5 2.Nf3 d6 3.d4 cxd4 4.Nxd4 Nf6 5.Nc3 a6 6.Be3 e5 7.Nb3 Be6 8.Qd2 Be7
9.f3 Nbd7 10.g4 O-O 11.g5 Nh5 12.O-O-O Nb6 13.Rg1 g6 14.Kb1 Rc8 15.Nc1 Nc4
16.Bxc4 Rxc4 17.N1e2 b5 18.Ng3 Nf4 19.h4 b4 20.Nd5 Bxd5 21.exd5 a5 22.Ne4 Nh5
23.Rdf1 Qd7 24.b3 Rcc8 25.Ng3 Nxg3 26.Rxg3 Rc3 27.h5 Qf5 28.hxg6 fxg6 29.Rc1 a4
30.bxa4 Ra8 31.Qe2 Qd7 32.Qb5 Qxb5 33.axb5 Rxe3 34.Rg4 Rea3 35.Rxb4 Bxg5
36.Rg1 Bd2 37.Rb2 Bc3 38.Rb3 Bd4 39.Rxa3 Rxa3 40.Rd1 Rxf3 41.c4 Rc3 42.Rc1 Ra3
43.Rc2 g5 44.Rg2 h6 45.Kc1  0-1

[Event "Klatov Open A 2013"]
[Site "Klatovy CZE"]
[Date "2013.06.30"]
[Round "2.27"]
[White "Kucera,M"]
[Black "Kopriva,Martin"]
[Result "1-0"]
[WhiteElo "1945"]
[BlackElo "1782"]

1.e4 c5 2.Nf3 d6 3.d4 cxd4 4.Nxd4 Nf6 5.Nc3 a6 6.Be3 e6 7.f3 Qc7 8.Qd2 b5
9.g4 Bb7 10.Rg1 Nfd7 11.g5 Nc5 12.a3 Nc6 13.Nxc6 Bxc6 14.Qf2 Rc8 15.Bd4 Qb7
16.Qd2 Qc7 17.h4 Rd8 18.h5 d5 19.e5 Nd7 20.f4 Bc5 21.g6 fxg6 22.hxg6 h6 23.Bh3 Qb6
24.Rd1 Bb7 25.Qe3 Bxd4 26.Qxd4 Bc8 27.Rg3 O-O 28.Ne2 Qc6 29.c3 Nc5 30.Qe3 Ne4
31.Rg1 a5 32.Nd4 Qa6 33.Bg2 Nc5 34.Bf1 Qb6 35.Nb3 d4 36.Nxd4 Nb3 37.Rg3 Nxd4
38.Rxd4 Rxd4 39.cxd4 Rd8 40.Qc3 Bb7 41.Qc5 Qxc5 42.dxc5 b4 43.axb4 axb4 44.Rd3 Rf8
45.Rd4 b3 46.Bc4 Bd5 47.c6 Bxc4 48.Rxc4 Rc8 49.Kd2 h5 50.Kc3 h4 51.Kb4 Kf8
52.Kc5 Ke7 53.Rc3 Rc7 54.Rxb3 h3 55.Rxh3 Ra7 56.b4 Ra1 57.Kb6 Rb1 58.b5 Rc1
59.Rh7 Kf8 60.c7  1-0

[Event "XXII Anderssen Mem Final B"]
[Site "Wroclaw POL"]
[Date "2013.06.30"]
[Round "2.2"]
[White "Iwanow,A"]
[Black "Zmarzly,A"]
[Result "1-0"]
[WhiteElo "2227"]
[BlackElo "2030"]

1.e4 c5 2.Nf3 d6 3.d4 cxd4 4.Nxd4 Nf6 5.Nc3 a6 6.Be3 e6 7.f3 b5 8.g4 Bb7
9.Qd2 Nfd7 10.O-O-O Nb6 11.Kb1 N8d7 12.Nb3 Rc8 13.h4 Qc7 14.Bd3 b4 15.Ne2 d5
16.exd5 Nxd5 17.Ned4 Ne5 18.Be2 Be7 19.Bg5 O-O 20.f4 Nc4 21.Bxc4 Qxc4 22.Na5 Qc7
23.Nxb7 Qxb7 24.Bxe7 Qxe7 25.h5 Qb7 26.Ka1 Rfd8 27.g5 Rc4 28.Nb3 Qc7 29.g6 Rxc2
30.gxf7+ Kxf7 31.Qd3 Kg8 32.Nd4 Rc6 33.Nxc6 Qxc6 34.Rhg1 Rd7 35.Rc1 Qb7 36.Qe4 Re7
37.Qe5 Qd7 38.Rg2 h6 39.Rcg1 Rf7 40.Rd2 Qc6 41.f5 Nc7 42.f6 Nd5 43.fxg7 Qb6
44.Rdd1 Ne3 45.Qxe3  1-0

[Event "8th Vladimir Dvorkovich Cup"]
[Site "Moscow RUS"]
[Date "2013.07.02"]
[Round "7.10"]
[White "Dai,Changren"]
[Black "Jarmula,L"]
[Result "1-0"]
[WhiteElo "2174"]
[BlackElo "2261"]

1.e4 c5 2.Nf3 d6 3.d4 cxd4 4.Nxd4 Nf6 5.Nc3 a6 6.Be3 e5 7.Nb3 Be6 8.Be2 Nbd7
9.O-O Rc8 10.a4 Be7 11.a5 Rxc3 12.bxc3 Nxe4 13.Bf3 Ndf6 14.Qe1 Qc8 15.Bh6 gxh6
16.Bxe4 Nxe4 17.Qxe4 Bf5 18.Qe3 Bxc2 19.Nd2 Rg8 20.f4 f6 21.Kh1 Qc6 22.Nf3 Qe4
23.Qa7 Qg6 24.Rf2 Be4 25.Qe3 Bc6 26.Re1 h5 27.c4 Qg4 28.c5 dxc5 29.fxe5 f5
30.e6 h4 31.Qe5 Kf8 32.Qb8+ Kg7 33.Qc7 Kf8 34.Rd1 Be8 35.Rg1 Qe4 36.Re1 Qg4
37.Ne5 Qh5 38.Nd7+ Kg7 39.Qe5+ Kg6 40.Ref1 h3 41.g4 Qh4 42.Rxf5 h5 43.Rxh5  1-0

[Event "11th Niki Open 2013"]
[Site "Nachod CZE"]
[Date "2013.07.02"]
[Round "4.18"]
[White "Cermak,Jan"]
[Black "Novotny,M1"]
[Result "0-1"]
[WhiteElo "1740"]
[BlackElo "2293"]

1.e4 c5 2.Nf3 d6 3.d4 cxd4 4.Nxd4 Nf6 5.Nc3 a6 6.Be3 e5 7.Nb3 Be6 8.f3 h5
9.Qd2 Nbd7 10.O-O-O Qc7 11.h3 h4 12.f4 b5 13.Bd3 Nb6 14.f5 Bc4 15.Rhg1 Rc8
16.Kb1 b4 17.Ne2 d5 18.exd5 Nbxd5 19.g4 Nxe3 20.Qxe3 Bxb3 21.axb3 Bc5 22.Qd2 Bxg1
23.Nxg1 O-O 24.Qxb4 Rfd8 25.Qe1 e4 26.Bc4 Rxd1+ 27.Qxd1 Rd8 28.Qf1 Nd5 29.Qe1 Ne3  0-1

[Event "41st TCh-GRE"]
[Site "Rio (Achaia) GRE"]
[Date "2013.07.02"]
[Round "1.9"]
[White "Vakalis,A"]
[Black "Papadopoulos,Geo3"]
[Result "0-1"]
[WhiteElo "1677"]
[BlackElo "2072"]

1.e4 c5 2.Nf3 d6 3.d4 cxd4 4.Nxd4 Nf6 5.Nc3 a6 6.Be3 e6 7.Qd2 b5 8.f3 Nbd7
9.O-O-O Ne5 10.Kb1 b4 11.Nce2 Nc4 12.Qd3 Nxe3 13.Qxe3 Qc7 14.Ng3 h5 15.Bd3 e5
16.Nb3 g6 17.Qe2 Bh6 18.Nf1 O-O 19.Ne3 Be6 20.Rhf1 a5 21.g3 a4 22.Nc1 a3
23.f4 axb2 24.Kxb2 Qc3+ 25.Kb1 Bxa2+ 26.Nxa2 Rxa2 27.Kxa2 Ra8+ 28.Ba6 Qa3+
29.Kb1 Rxa6 30.c4 Qa1+ 31.Kc2 Qc3+ 32.Kb1 Ra1+  0-1

[Event "41st TCh-GRE"]
[Site "Rio (Achaia) GRE"]
[Date "2013.07.02"]
[Round "1.3"]
[White "Kazakos,E"]
[Black "Skaperdas,S"]
[Result "1/2-1/2"]
[WhiteElo "2131"]
[BlackElo "2050"]

1.e4 c5 2.Nf3 d6 3.d4 cxd4 4.Nxd4 Nf6 5.Nc3 a6 6.Be3 e5 7.Nf3 Be7 8.a4 Qc7
9.Be2 b6 10.Qd3 Nbd7 11.Qc4 Qxc4 12.Bxc4 Bb7 13.Nd2 Rc8 14.f3 h6 15.Bb3 Bd8
16.Nc4 Ke7 17.O-O-O Bc7 18.Rd2 Rhd8 19.Rhd1 Nc5 20.Bxc5 bxc5 21.Ne3 g6 22.Bd5 Bxd5
23.Ncxd5+ Nxd5 24.Rxd5 h5 25.c3 Ke6 26.Kc2 Rb8 27.Rb1 Rdc8 28.Kd3 f5 29.Nc4 Rb3
30.Ke3 f4+ 31.Kd3 g5 32.h3 Rg8 33.Rd1 Rbb8 34.Ke2 Rbd8 35.Rh1 Rb8 36.Rdd1 Ke7
37.Rb1 a5 38.Rbd1 Rg6 39.Kd3 Rgg8 40.Kc2 Rb7 41.Rd2 Rg6 42.Na3 Bb8 43.Kd3 Kd7
44.Kc4 Kc6 45.Nb5 Rb6 46.b4 cxb4 47.cxb4 Kb7 48.bxa5 Rc6+ 49.Kb4 Ka6 50.Na3 Ba7
51.Nc4 Rg8 52.Nb6 Rb8  1/2-1/2

[Event "Polugaevsky Mem 2013"]
[Site "Samara RUS"]
[Date "2013.07.02"]
[Round "1.4"]
[White "Kryakvin,D"]
[Black "Shaydullina,S"]
[Result "1-0"]
[WhiteElo "2584"]
[BlackElo "2138"]

1.e4 c5 2.Nf3 d6 3.d4 cxd4 4.Nxd4 Nf6 5.Nc3 a6 6.Be3 Ng4 7.Bg5 h6 8.Bh4 g5
9.Bg3 Bg7 10.h3 Qb6 11.Nd5 Qxd4 12.Qxd4 Bxd4 13.hxg4 Kd8 14.O-O-O Nc6 15.f3 Be6
16.Kb1 Rc8 17.c3 Bg7 18.Bf2 Ne5 19.Bd4 Rc6 20.g3 f6 21.Be2 Ke8 22.Rh2 Rc8
23.Rdh1 Kf7 24.Nb6 Rc6 25.f4 Nd7 26.Nd5 Nc5 27.Bf3 Bxd5 28.exd5 Rcc8 29.Re2 b5
30.Rhe1 Rhe8 31.Re3 Nd7 32.Be4 Nf8 33.Bf5 Rc7 34.b4 Ng6 35.Re4 gxf4 36.gxf4 Nh4
37.Be6+ Kf8 38.R1e3 Ng6 39.Kb2 Nh8 40.Re1 Nf7 41.Bf5 Rb8 42.Kb3 Rcb7 43.Rc1 Rc7
44.Bf2 h5 45.gxh5 Nh6 46.Be6 f5 47.Rd4 Ng4 48.Rg1 Rbc8 49.Bxc8 Rxc8 50.h6 Bf6
51.Rg2 Nxf2 52.Rxf2 Bxd4 53.cxd4 Kf7 54.Rh2 Kg8 55.Rh5 Kf7 56.h7 Kg7 57.Rxf5 Kg6
58.Rg5+ Kxh7 59.Rg3 Rc4 60.Re3 Rc7 61.Re6 Kg7 62.f5 Kf7 63.f6 exf6 64.Rxd6 f5
65.Rxa6 f4 66.Rh6 Rc4 67.a4 Rxd4 68.axb5 f3 69.b6 f2 70.Rh1 Rxd5 71.Kc4 Rh5
72.Rf1 Ke6 73.b7 Rh8 74.Kc5 Kd7 75.Kb6 Rf8 76.Ka7 Kc7 77.b8=Q+ Rxb8 78.Rc1+  1-0

[Event "20th Abu Dhabi Masters 2013"]
[Site "Abu Dhabi UAE"]
[Date "2013.07.03"]
[Round "4.5"]
[White "Guseinov,G"]
[Black "Berescu,A"]
[Result "1-0"]
[WhiteElo "2631"]
[BlackElo "2461"]

1.e4 c5 2.Nc3 a6 3.Nf3 d6 4.d4 cxd4 5.Nxd4 Nf6 6.Be3 e5 7.Nf3 Be7 8.Bc4 O-O
9.O-O Qc7 10.Bb3 Nc6 11.Bg5 Be6 12.Bxf6 Bxf6 13.Nd5 Bxd5 14.Bxd5 Rac8 15.c3 Bd8
16.Qe2 Ne7 17.Bb3 Qc6 18.Rad1 g6 19.Qd2 Qxe4 20.Rfe1 Qf5 21.Qxd6 e4 22.Ne5 Nc6
23.Nd7 Re8 24.Rd5 Qg4 25.Ne5 Rxe5 26.Rxe5 Nxe5 27.Qxe5 Qf5 28.Qxf5 gxf5 29.Rd1 Be7
30.Rd5 Rc5 31.Rd7 Kf8 32.Rxb7 f4 33.Kf1 Rh5 34.Bc2 Re5 35.Rd7 a5 36.a3 f5
37.b4 h5 38.Bb3 Ke8 39.Ba4 Kf8 40.Ke2 h4 41.h3 Kg8 42.Bb3+ Kf8 43.Ba4 Kg8
44.b5 Bc5 45.Rc7 Kf8 46.Rc6 e3 47.fxe3 fxe3 48.b6 Ke7 49.Rxc5  1-0

[Event "20th Abu Dhabi Masters 2013"]
[Site "Abu Dhabi UAE"]
[Date "2013.07.03"]
[Round "5.8"]
[White "Gopal,G"]
[Black "Karavade,E"]
[Result "1/2-1/2"]
[WhiteElo "2522"]
[BlackElo "2398"]

1.e4 c5 2.Nf3 d6 3.d4 cxd4 4.Nxd4 Nf6 5.Nc3 a6 6.Be3 e5 7.Nf3 Be7 8.Bc4 O-O
9.O-O Qc7 10.Bb3 Be6 11.Qe2 Rc8 12.Rfd1 Nbd7 13.Bg5 b5 14.a3 Nb6 15.Nd2 h6
16.Bxf6 Bxf6 17.Nf1 Nc4 18.Bxc4 Bxc4 19.Qf3 Bg5 20.Ne3 Bxe3 21.Qxe3 a5 22.Qd2 b4
23.axb4 axb4 24.Rxa8 Rxa8 25.Nd5 Bxd5 26.Qxd5 Ra6 27.Qb3 Rc6 28.Qxb4 Rxc2
29.h3 Qc5 30.Qxc5  1/2-1/2

[Event "4th AIMAG Men"]
[Site "Incheon KOR"]
[Date "2013.07.03"]
[Round "6.14"]
[White "Goh Weiming"]
[Black "Nanjo,R"]
[Result "1-0"]
[WhiteElo "2441"]
[BlackElo "2299"]

1.e4 c5 2.Nf3 d6 3.d4 cxd4 4.Nxd4 Nf6 5.Nc3 a6 6.Be3 e6 7.Be2 Be7 8.Qd2 O-O
9.O-O-O Nc6 10.f4 Qc7 11.g4 Nxd4 12.Qxd4 e5 13.Qd3 Bxg4 14.Bxg4 Nxg4 15.Nd5 Qd8
16.Bb6 Qe8 17.Rhg1 Nf6 18.fxe5 Nxd5 19.exd5 dxe5 20.d6 Bd8 21.d7 Qe7 22.Be3 Qe6
23.Bc5 Be7 24.Qg3 g6 25.Bxe7 Qxe7 26.Rge1 f6 27.Qb3+ Qf7 28.Rd5 b5 29.Red1 Rfd8
30.Qe3 Qe6 31.b3 Kg7 32.Qc5 Rab8 33.Rd6 Qe7 34.Qd5 a5 35.a3 a4 36.b4 Qf7
37.Re6 Rb7 38.Qxb7 Qxe6 39.Qc7 Qe7 40.Rd6 Kh6 41.Qc6 e4 42.Rd4 e3 43.Re4 Qxd7
44.Qxf6 Qd2+ 45.Kb2 Rd5 46.Rh4+ Rh5 47.Qf8+  1-0

[Event "4th AIMAG Men"]
[Site "Incheon KOR"]
[Date "2013.07.03"]
[Round "7.18"]
[White "Nanjo,R"]
[Black "Kananub,Warot"]
[Result "1-0"]
[WhiteElo "2299"]
[BlackElo "2169"]

1.e4 c5 2.Nf3 d6 3.d4 cxd4 4.Nxd4 Nf6 5.Nc3 a6 6.Be3 e5 7.Nb3 Be6 8.f3 Nbd7
9.Qd2 b5 10.O-O-O Qc7 11.g4 Nb6 12.g5 Nfd7 13.Nd5 Nxd5 14.exd5 Bf5 15.Bd3 Bxd3
16.Qxd3 Be7 17.h4 O-O 18.Kb1 f5 19.f4 a5 20.Qxb5 a4 21.Nc1 a3 22.Qc6 Qxc6
23.dxc6 Nb8 24.b3 Nxc6 25.Ne2 Kf7 26.Nc3 Rfb8 27.Nd5 Ra5 28.c4 Nb4 29.Nxb4 Rxb4
30.Bd2 d5 31.Bxb4 Bxb4 32.Rxd5 Rxd5 33.cxd5 e4 34.Kc2 Ke7 35.Kd1 Kd6 36.Ke2 Kxd5
37.Rd1+ Ke6 38.Rc1 Bd6 39.Ke3 Kd5 40.Rc8 Bc5+ 41.Ke2 Bd6 42.Rh8 Bxf4 43.Rxh7 Be5
44.Rh8 f4 45.Rd8+ Kc5 46.h5 Bd4 47.h6 f3+ 48.Kf1 gxh6 49.gxh6 e3 50.Rxd4  1-0

[Event "4th Kiryat Ono Open A"]
[Site "Kiryat Ono ISR"]
[Date "2013.07.03"]
[Round "4.3"]
[White "Haimovich,T"]
[Black "Gruenfeld,Y"]
[Result "1/2-1/2"]
[WhiteElo "2352"]
[BlackElo "2445"]

1.e4 c5 2.Nf3 d6 3.d4 cxd4 4.Nxd4 Nf6 5.Nc3 a6 6.Be3 e5 7.Nf3 Be7 8.Bc4 O-O
9.O-O Be6 10.Bxe6 fxe6 11.Na4 Nfd7 12.c4 Nc6 13.Qb3 Kh8 14.Rfd1 Qc7 15.Nb6 Rad8
16.Nxd7 Rxd7 17.Bb6 Qc8 18.Rd3 Qe8 19.Rad1 Qg6 20.Nd2 h6 21.Rg3 Qf7 22.Rf3 Bf6
23.Nf1 Rc8 24.Ne3 Qg6 25.Qd3 Nd4 26.Rg3 Qf7 27.Ng4 d5 28.exd5 exd5 29.Bxd4 exd4
30.cxd5 Rxd5 31.Rf3 Rc6 32.Qe4 Rd8 33.h3 Re6 34.Qd3 Qe7 35.Nxf6 Rxf6 36.Rxf6 Qxf6
37.Re1 Rf8 38.Re2 b5 39.Qe4 Rc8 40.g3 Rd8 41.Rd2 d3 42.Rxd3 Rxd3  1/2-1/2

[Event "41st TCh-GRE"]
[Site "Rio (Achaia) GRE"]
[Date "2013.07.03"]
[Round "2.10"]
[White "Anthopoulos,Hristos"]
[Black "Papakonstantinou,Georgios"]
[Result "1-0"]
[WhiteElo "1725"]
[BlackElo "1300"]

1.e4 c5 2.Nf3 d6 3.d4 cxd4 4.Nxd4 Nf6 5.Nc3 a6 6.Be3 e5 7.Nb3 Be6 8.Qd2 Be7
9.f3 Nbd7 10.O-O-O Rc8 11.g4 Nb6 12.Nb1 Qc7 13.g5 Nfd7 14.Nc3 Nc4 15.Bxc4 Bxc4
16.h4 b5 17.Rh2 a5 18.h5 a4 19.Na1 Nb6 20.g6 f6 21.h6 gxh6 22.Rxh6 b4 23.Bxb6 Qxb6
24.Nxa4 b3 25.Nxb6  1-0

[Event "41st TCh-GRE"]
[Site "Rio (Achaia) GRE"]
[Date "2013.07.03"]
[Round "2.9"]
[White "Ladopoulos,D"]
[Black "Kelires,Andreas"]
[Result "1-0"]
[WhiteElo "2082"]
[BlackElo "2087"]

1.e4 c5 2.Nf3 d6 3.d4 cxd4 4.Nxd4 Nf6 5.Nc3 a6 6.Be3 e5 7.Nb3 Be6 8.Qd2 Be7
9.f4 exf4 10.Bxf4 Nc6 11.O-O-O Ne5 12.Be2 O-O 13.Nd4 Rc8 14.Nf5 Bxf5 15.exf5 b5
16.Kb1 Qb6 17.g4 Qc6 18.a3 Ne4 19.Nxe4 Qxe4 20.Rhe1 Bh4 21.Rf1 Bd8 22.Bd3 Qa4
23.Bxe5 dxe5 24.Rde1 Ba5 25.b4 Bd8 26.f6 Qxa3 27.fxg7 Kxg7 28.Rxe5 Rc3 29.Rh5 Qxb4+
30.Kc1 Qa3+ 31.Kd1 Rc6 32.Rxh7+ Kg8 33.Rh3 Qa1+ 34.Ke2 Qe5+ 35.Kf2 Bg5 36.Qe2 Rf6+
37.Kg2 Qxe2+ 38.Bxe2 Rxf1 39.Bxf1 Rd8 40.Bd3 f6 41.Rh5 Kf7 42.h4 Bc1 43.Bf5 Rg8
44.Rh7+ Rg7 45.Rh8 a5 46.h5 a4 47.h6 Rg8 48.Be6+ Kxe6 49.Rxg8 Bxh6 50.Rb8 Kd5
51.Rxb5+ Kc4 52.Ra5 Kb4 53.Ra6 a3 54.Kf3 Bc1 55.Ke2 Kc3 56.Kd1 Bb2 57.Ra4  1-0

[Event "41st TCh-GRE"]
[Site "Rio (Achaia) GRE"]
[Date "2013.07.03"]
[Round "2.6"]
[White "Poulopoulou,Ekaterini"]
[Black "Drakaki,A"]
[Result "1/2-1/2"]
[WhiteElo "1485"]
[BlackElo "1910"]

1.e4 c5 2.Nf3 d6 3.d4 cxd4 4.Nxd4 Nf6 5.Nc3 a6 6.Be3 e5 7.Nb3 Be6 8.h3 Be7
9.g4 Qc7 10.Qd2 O-O 11.O-O-O b5 12.g5 Nfd7 13.h4 b4 14.Nd5 Bxd5 15.exd5 a5
16.Kb1 Nb6 17.Bxb6 Qxb6 18.h5 a4 19.Nc1 Nd7 20.g6 f5 21.gxh7+ Kxh7 22.f4 e4
23.Qg2 Rf6 24.Qg3 Raf8 25.Rg1 R8f7 26.Bh3 Nf8 27.Ne2 b3 28.cxb3 axb3 29.a3 Rh6
30.Bxf5+ Kg8 31.Nd4 Bf6 32.Ne6 Nd7 33.Ng5 Re7 34.Bxd7 Rxd7 35.Nxe4 Bd4 36.Rh1 Re7
37.Qf3 Re8 38.Qd3 Be3 39.Rdf1 Rc8 40.Rh2 Rf8 41.f5 Bd4 42.Ng5 Bf6 43.Ne6 Rc8
44.Qd1 Qe3 45.Rf3 Qe4+ 46.Rd3 Qxf5 47.Qxb3 Rxh5 48.Rxh5 Qxh5 49.Ka2 Qe5 50.Re3 Qh2
51.Rh3 Qe2 52.Re3 Qf1 53.Rf3 Qg2 54.Rg3 Qh2 55.Rh3  1/2-1/2

[Event "41st TCh-GRE"]
[Site "Rio (Achaia) GRE"]
[Date "2013.07.03"]
[Round "3.8"]
[White "Rigatos,P"]
[Black "Stathopoulos,I"]
[Result "0-1"]
[WhiteElo "1868"]
[BlackElo "2247"]

1.e4 c5 2.Nf3 d6 3.d4 cxd4 4.Nxd4 Nf6 5.Nc3 a6 6.Be3 Ng4 7.Bg5 h6 8.Bh4 g5
9.Bg3 Bg7 10.Be2 h5 11.Bxg4 hxg4 12.Qd2 Qa5 13.Nb3 Qb4 14.O-O Nc6 15.Nd5 Qxd2
16.Nxd2 O-O 17.Nb6 Rb8 18.c3 Be6 19.Nb3 f5 20.exf5 Rxf5 21.Rfe1 Kf7 22.Nd2 Rb5
23.Nbc4 Bxc4 24.Nxc4 Rd8 25.Re2 d5 26.a4 Rc5 27.Ne5+ Bxe5 28.Bxe5 Rc4 29.a5 Re4
30.Rxe4 dxe4 31.Bc7 Rd7 32.Bb6 Rd2 33.g3 Ne5 34.Kg2 Ke6 35.Be3 Rxb2 36.Bxg5 Rb5
37.Re1 Nf3 38.Rxe4+ Kf5 39.Rxe7 Rb1 40.Rf7+ Kxg5 41.h4+ Kg6 42.Rxf3 gxf3+
43.Kxf3 Rb5  0-1

[Event "41st TCh-GRE"]
[Site "Rio (Achaia) GRE"]
[Date "2013.07.03"]
[Round "3.7"]
[White "Galani,Anna"]
[Black "Kokkota,Fotini"]
[Result "0-1"]
[WhiteElo "1137"]
[BlackElo "1501"]

1.e4 c5 2.Nf3 d6 3.d4 cxd4 4.Nxd4 Nf6 5.Nc3 a6 6.Be3 e5 7.Nb3 Be6 8.Qd2 Be7
9.O-O-O Nbd7 10.Kb1 O-O 11.f3 b5 12.a3 Nb6 13.Na5 Qc7 14.g4 Nc4 15.Nxc4 bxc4
16.Nd5 Bxd5 17.exd5 Rab8 18.Qc3 Rfc8 19.h4 Qb7 20.Bc1 Nxd5 21.Qd2 Nf4 22.Qc3 Nd5
23.Qd2 Nb6 24.Qa5 Rc5 25.Qd2 Na4 26.c3 Qxf3 27.Rh3 Qb7 28.Ka1 d5 29.Re1 e4
30.Re2 Ra5 31.Qc2 Nc5 32.Rhh2 Rb5 33.Bf4 Rd8 34.Rhg2 Nd3 35.Bc1 Rb8 36.a4 Ra5
37.Ka2 Nxc1+ 38.Qxc1 Rxa4+ 39.Kb1 Qb3 40.Qc2 Qa2+ 41.Kc1 Qa1+ 42.Kd2 Rxb2  0-1

[Event "41st TCh-GRE"]
[Site "Rio (Achaia) GRE"]
[Date "2013.07.03"]
[Round "3.4"]
[White "Goumas,G"]
[Black "Skaperdas,S"]
[Result "1-0"]
[WhiteElo "2380"]
[BlackElo "2050"]

1.e4 c5 2.Nf3 d6 3.d4 cxd4 4.Nxd4 Nf6 5.Nc3 a6 6.Be3 e5 7.Nb3 Be6 8.h3 Qc7
9.g4 h6 10.Qf3 Nc6 11.O-O-O Rc8 12.Kb1 b5 13.Nd5 Bxd5 14.exd5 Na5 15.Nxa5 Qxa5
16.Bd3 Be7 17.h4 Qa4 18.Bf5 e4 19.Qe2 Qc4 20.Qd2 Nd7 21.b3 Qc7 22.Bd4 O-O
23.Bxe4 Rb8 24.g5 Nc5 25.Bf5 h5 26.Bxc5 Qxc5 27.Qe2 g6 28.Qxe7 gxf5 29.g6 Rbc8
30.Rc1 Qc7 31.gxf7+ Kh7 32.Qe6 Qxf7 33.Qxd6 a5 34.Rhe1 Rcd8 35.Qb6 Rxd5 36.Re6 Qg7
37.Qxa5 Rfd8 38.Qb4 R8d7 39.Qf4 b4 40.Rb6 Rc7 41.Qf3 Qf7  1-0

[Event "Avoin SM 2013"]
[Site "Naantali FIN"]
[Date "2013.07.04"]
[Round "6.16"]
[White "Norri,R"]
[Black "Ailasmaa,K"]
[Result "1/2-1/2"]
[WhiteElo "1896"]
[BlackElo "1797"]

1.e4 c5 2.Nf3 d6 3.d4 cxd4 4.Nxd4 Nf6 5.Nc3 a6 6.Be3 e6 7.Be2 Qc7 8.O-O b5
9.a3 Bb7 10.Qd3 Be7 11.f4 Nbd7 12.Nb3 O-O 13.g4 Nc5 14.Nxc5 dxc5 15.Bf3 c4
16.Qe2 Bc5 17.Rad1 Rfd8 18.e5 Bxf3 19.Qxf3 Bxe3+ 20.Kh1 Nxg4  1/2-1/2

[Event "41st TCh-GRE"]
[Site "Rio (Achaia) GRE"]
[Date "2013.07.04"]
[Round "4.8"]
[White "Doulidis,P"]
[Black "Megalios,K"]
[Result "0-1"]
[WhiteElo "1675"]
[BlackElo "2116"]

1.e4 c5 2.Nf3 d6 3.d4 cxd4 4.Nxd4 Nf6 5.Nc3 a6 6.Be3 e5 7.Nb3 Be6 8.Be2 Be7
9.O-O O-O 10.Qd2 Nbd7 11.Rad1 Rc8 12.f4 exf4 13.Bxf4 Ne5 14.Kh1 Re8 15.Qd4 Qc7
16.Rfe1 Red8 17.Nd5 Nxd5 18.exd5 Bf5 19.c3 Bf6 20.Qf2 Bg6 21.Bg3 Re8 22.Nd4 Qb6
23.Bf3 Nd3 24.Rxe8+ Rxe8 25.Qd2 Nxb2 26.Re1 Rxe1+ 27.Qxe1 h6 28.Be4 Bxd4
29.Bxg6 fxg6 30.cxd4 Qxd4 31.Qe6+ Kh7 32.h3 Nc4 33.Bxd6 Ne3 34.Be5 Qxd5 35.Qxd5 Nxd5
36.a4 b5 37.axb5 axb5 38.Kg1 g5 39.Kf2 Kg6 40.Kf3 Nf6 41.g3 Kf5 42.Bb2 h5
43.Bd4 g6 44.Ke3 g4 45.hxg4+ Nxg4+ 46.Kf3 b4 47.Bb2 Ne5+  0-1

[Event "41st TCh-GRE"]
[Site "Rio (Achaia) GRE"]
[Date "2013.07.04"]
[Round "4.8"]
[White "Rigatos,P"]
[Black "Poulidis,S"]
[Result "1-0"]
[WhiteElo "1868"]
[BlackElo "2013"]

1.e4 c5 2.Nf3 d6 3.d4 cxd4 4.Nxd4 Nf6 5.Nc3 a6 6.Be3 e5 7.Nb3 Be6 8.f3 Be7
9.Qd2 h5 10.O-O-O Nbd7 11.Nd5 Bxd5 12.exd5 Qc7 13.Kb1 Rc8 14.Rg1 Nb6 15.Bxb6 Qxb6
16.Be2 Nd7 17.Bd3 Kd8 18.Bf5 g6 19.Bxd7 Kxd7 20.f4 Bf6 21.Rgf1 Rhf8 22.f5 g5
23.Qe2 a5 24.a4 Ke7 25.Qb5 Qxb5 26.axb5 Rc4 27.Nxa5 Rb4 28.Nb3 Rxb5 29.g3 Rc8
30.Rd3 Rb4 31.Re1 Kf8 32.Nd2 e4 33.Rb3 Rxb3 34.Nxb3 Rc4 35.c3 h4 36.Nd2 Rc8
37.Rxe4 hxg3 38.hxg3 Rc5 39.c4 Be5 40.g4 Bf4 41.Nf3 b5 42.b4 Rc8 43.cxb5 Rb8
44.Nd4 Be5 45.Ka2 Bxd4 46.Rxd4 Rxb5 47.Kb3 Ke7 48.Ka4 Rb8 49.b5 Kd7 50.Rc4 Ra8+
51.Kb4 Re8 52.b6 Re5 53.Rc7+ Kd8 54.Rxf7 Re1 55.Kb5 Rb1+ 56.Kc6 Rb2 57.b7 Ke8
58.Rh7 Rc2+ 59.Kxd6  1-0

[Event "Klatov Open A 2013"]
[Site "Klatovy CZE"]
[Date "2013.07.05"]
[Round "7.28"]
[White "Kuchar,Tomas"]
[Black "Hacaperka,M"]
[Result "1/2-1/2"]
[WhiteElo "1792"]
[BlackElo "1853"]

1.e4 c5 2.Nf3 d6 3.d4 cxd4 4.Nxd4 Nf6 5.Nc3 a6 6.Be3 Ng4 7.Bg5 h6 8.Bh4 g5
9.Bg3 Bg7 10.h3 Ne5 11.Nf5 Bxf5 12.exf5 Nbc6 13.Be2 Qa5 14.O-O O-O 15.Nd5 Nd7
16.c3 Nf6 17.Ne3 Rac8 18.Bd3 Ne5 19.Bc2 Qc5 20.Re1 Rfe8 21.h4 gxh4 22.Bxh4 Nc4
23.Nxc4 Qxc4 24.Bg3 b5  1/2-1/2

[Event "11th Niki Open 2013"]
[Site "Nachod CZE"]
[Date "2013.07.05"]
[Round "7.21"]
[White "Cermak,Jan"]
[Black "Gogela,Jan"]
[Result "1/2-1/2"]
[WhiteElo "1740"]
[BlackElo "1957"]

1.e4 c5 2.Nf3 d6 3.d4 cxd4 4.Nxd4 Nf6 5.Nc3 a6 6.Be3 Ng4 7.Bc1 Nc6 8.f3 Nge5
9.Be3 g6 10.Qd2 Bg7 11.Nxc6 bxc6 12.h3 Be6 13.Bh6 Bxh6 14.Qxh6 Qb6 15.Qg7 Qe3+
16.Ne2 O-O-O 17.f4 Rhg8 18.Qh6 Nc4 19.Qh4 Nxb2 20.Qf2 Qxf2+ 21.Kxf2 d5 22.Nd4 Kc7
23.Nxe6+ fxe6 24.Bxa6 Na4 25.e5 Ra8 26.Bd3 Nc3 27.a3 Ra4 28.Ke3 Rga8 29.Kd2 Rxa3
30.Rxa3 Rxa3 31.h4 Ne4+ 32.Bxe4 dxe4 33.h5 Rg3 34.hxg6 Rxg2+ 35.Ke3 hxg6
36.Rc1 Rg4 37.Ra1 Rg2 38.Ra7+ Kd8 39.Ra8+ Kd7 40.Ra7+ Ke8 41.Ra2 Rg3+ 42.Kxe4 c5
43.Ra8+ Kf7 44.Ra5 Rc3 45.Ra2 g5 46.fxg5 Kg6 47.Ra6 Rc4+ 48.Kd3 Rd4+ 49.Kc3 Kf5
50.Rc6 Kxe5 51.Rxc5+ Rd5  1/2-1/2